Who meets whom? Quiz Stats

Quiz not verified by Sporcle

Also try: Cartoon Dogs
Challenge
Share
Tweet
Score 0/16 Timer 04:00
0 Plays Today
% Correct
Ally McBeal
47.6%
Bobby Donnell
38.1%
Dexter Morgan
35.7%
Rachel Green
35.7%
Carl McMillan
33.3%
Cristina Yang
31%
David Fisher
26.2%
Frank Underwood
26.2%
% Correct
Duncan Kane
23.8%
Freddie Benson
19%
Manny Delgado
16.7%
Sophie Kachinsky
16.7%
Harold Cooper
14.3%
Liz Cruz
11.9%
Josh Nicholson
11.9%
Veronica Fisher
9.5%

You're not logged in!

Compare scores with friends on all Sporcle quizzes.
Join for Free
OR
Log In

You Might Also Like...

Show Comments

Extras

Top Quizzes Today


Score Distribution

Your Account Isn't Verified!

In order to create a playlist on Sporcle, you need to verify the email address you used during registration. Go to your Sporcle Settings to finish the process.

Report this User

Report this user for behavior that violates our Community Guidelines.

Details: